| 000 | 00472cam a2200193ua 4500 | ||
|---|---|---|---|
| 001 | 7884 | ||
| 008 | 141230n ii |||gr||||Z||||||hin | ||
| 040 | _cMAIN | ||
| 041 | _ahin | ||
| 082 | _a891.431 | ||
| 100 |
_aSarma. C., _eAuthor. |
||
| 245 | 1 |
_aMoun athar mukharit antor _cBy Chandrakanta Sarma |
|
| 250 | _a1st. | ||
| 260 |
_aGuwahati: _bEBH, _c2008. |
||
| 300 | _a122p. | ||
| 653 | _aEast Indo-European & Celtic literatures | ||
| 653 | _aHindi poems | ||
| 942 | _cBK | ||
| 999 |
_c7004 _d7004 |
||